Harry Potter Hard Trivia - Statistics

General Stats
  • This quiz has been taken 1,167 times
  • The average score is 5 of 10
Answer Stats
Hint Answer % Correct
What is the form of Luna Lovegood's patronus? Hare
80%
What model is the Weasley's flying car? Ford Anglia
74%
Who teaches Muggle Studies (Years 1-6)? Charity Burbage
71%
Who says: "But he's there! Potter's there. Someone grab him!" Pansy Parkinson
71%
What long-fingered creature lives underwater? Grindylow
51%
Which dragon is native to Great Britain? Common Welsh Green
44%
What is the incantation performed to amplify your voice? Sonorus
41%
What is inscribed on Ravenclaw's diadem? Wit beyond measure is man's greatest treasure
23%
Where is the Burrow located? Ottery St. Catchpole
22%
What is Percy Weasley's middle name? Ignatius
12%
No matching quizzes found
Score Distribution
Percent of People with Each Score
Percentile by Number Answered
Your Score History
You have not taken this quiz